Saber, sentir, pensar / (Record no. 15579)

MARC details
000 -LEADER
campo de control de longitud fija 00924nam a2200301 i 4500
001 - NÚMERO DE CONTROL
campo de control 15579
003 - IDENTIFICADOR DE NÚMERO DE CONTROL
campo de control ES-MaACL
005 - FECHA Y HORA DE LA ÚLTIMA TRANSACCIÓN
campo de control 20230906151116.0
007 - CAMPO FIJO DE DESCRIPCIÓN FÍSICA--INFORMACIÓN GENERAL
campo de control de longitud fija t|
008 - DATOS DE LONGITUD FIJA--INFORMACIÓN GENERAL
campo de control de longitud fija 000403s1997 sp ||||0| spa j
020 ## - NÚMERO INTERNACIONAL ESTÁNDAR DEL LIBRO
Número Internacional Estándar del Libro 84-8306-053-1
040 ## - FUENTE DE CATALOGACIÓN
Centro catalogador/agencia de origen M-BN
Lengua de catalogación spa
Centro/agencia transcriptor M-BN
080 ## - NÚMERO DE LA CLASIFICACIÓN DECIMAL UNIVERSAL
Número de la Clasificación Decimal Universal 5"19"
080 ## - NÚMERO DE LA CLASIFICACIÓN DECIMAL UNIVERSAL
Número de la Clasificación Decimal Universal 009"19"
245 00 - MENCIÓN DEL TÍTULO
Título Saber, sentir, pensar /
Mención de responsabilidad, etc. Aurelio Arteta... [et al.] ; edición a cargo de Carlos Nieto Blanco.
250 ## - MENCION DE EDICION
Mención de edición 1ª ed.
260 ## - PUBLICACIÓN, DISTRIBUCIÓN, ETC.
Lugar de publicación, distribución, etc. Madrid :
Nombre del editor, distribuidor, etc. Debate ; Santander : Fundación Marcelino Botín,
Fecha de publicación, distribución, etc. 1997.
300 ## - DESCRIPCIÓN FÍSICA
Extensión 331 p. ;
Dimensiones 21 cm.
490 1# - MENCIÓN DE SERIE
Mención de serie Temas de debate
650 14 - PUNTO DE ACCESO ADICIONAL DE MATERIA--TÉRMINO DE MATERIA
Término de materia o nombre geográfico como elemento de entrada Ciencias-
Subdivisión cronológica S.XX.
9 (RLIN) 10980
650 14 - PUNTO DE ACCESO ADICIONAL DE MATERIA--TÉRMINO DE MATERIA
Término de materia o nombre geográfico como elemento de entrada Humanidades-
Subdivisión cronológica S.XX.
9 (RLIN) 13501
700 1# - ENTRADA AGREGADA--NOMBRE PERSONAL
Nombre de persona Arteta, Aurelio (
Forma completa/desarrollada del nombre Arteta Aisa)
9 (RLIN) 142593
700 1# - ENTRADA AGREGADA--NOMBRE PERSONAL
Nombre de persona Nieto Blanco, Carlos.
9 (RLIN) 85676
710 2# - ENTRADA AGREGADA--NOMBRE DE ENTIDAD CORPORATIVA
Nombre de entidad corporativa o nombre de jurisdicción como elemento de entrada Fundación Marcelino Botín.
9 (RLIN) 4365
830 0# - PUNTO DE ACCESO ADICIONAL DE SERIE-TÍTULO UNIFORME
Título uniforme Temas de debate
9 (RLIN) 179795
852 4# - LOCALIZACIÓN
Ubicación BA
Número de control de estantería L-22785
Holdings
Estatus retirado Estado de pérdida Estado de daño No para préstamo Biblioteca de origen Biblioteca actual Ubicación en estantería Fecha de adquisición Fuente de adquisición Total de préstamos Signatura topográfica completa Código de barras Visto por última vez Precio de reemplazo Tipo de ítem Koha
        Biblioteca del Ateneo de Madrid Biblioteca del Ateneo de Madrid Depósito 2 17/01/2008     L-22785 1015838 23/02/2023 23/02/2023 Libro impreso